|
|
|
|
| LEADER |
01170nam a2200277 u 4500 |
| 001 |
10016197 |
| 003 |
GR-PaULI |
| 005 |
20210117204942.0 |
| 008 |
881025s1994 us eng |
| 020 |
|
|
|a 0897668588
|
| 040 |
|
|
|a GR-PaULI
|c GR-PaULI
|b gre
|e AACR2
|
| 082 |
0 |
4 |
|a 612.32
|2 23
|
| 245 |
1 |
0 |
|a Cholecystokinin /
|c edited by Joseph R. Reeve...[et.al.]
|
| 260 |
|
|
|a New York :
|b New York Academy of Sciences,
|c 1994.
|
| 300 |
|
|
|a xvii, 467 σ. :
|b εικ. ;
|c 24 εκ.
|
| 490 |
0 |
|
|a Annals of the New York Academy of Sciences
|v 713.
|
| 504 |
|
|
|6 Περιλαμβάνει βιβλιογραφικές παραπομπές και ευρετήριο.
|
| 505 |
1 |
|
|a
|
| 650 |
|
0 |
|a Στομάχι
|9 32269
|x Φυσιολογία
|
| 700 |
1 |
|
|a Reeve, Joseph R.
|9 137151
|e επιμελητής.
|
| 760 |
1 |
|
|a Annals of the New York Academy of Sciences
|g V.713
|
| 830 |
|
|
|9 162896
|a Annals of the New York Academy of Sciences
|v 713
|
| 942 |
|
|
|2 ddc
|c BKN
|
| 952 |
|
|
|0 0
|1 0
|2 ddc
|4 0
|6 Π_Σ_612_320000000000000_CHO
|7 0
|9 164088
|a LISP
|b LISP
|c REF
|d 2016-04-24
|i 33516
|l 0
|o Π/Σ 612.32 CHO
|p 025000113282
|r 2016-04-24 00:00:00
|t 1
|y BKN
|
| 998 |
|
|
|c ΜΠΟΥΡΑΣ
|d 2017-08
|
| 999 |
|
|
|c 102904
|d 102904
|